Effectif actuel de l'équipe de France de football - Statistiques

Statistiques générales
  • Ce quiz a été pris 374 fois
  • Le résultat moyen est 8 sur 23
Statistiques - réponses
Numéro de maillot Nombre de séléctions Âge Réponse % Correct
1 1 29 Brice Samba
82%
10 70 24 Kylian Mbappé
73%
7 121 32 Antoine Griezmann
71%
9 124 36 Olivier Giroud
71%
2 49 27 Benjamin Pavard
65%
11 37 26 Ousmane Dembélé
60%
8 25 23 Aurélien Tchouaméni
52%
4 15 24 Dayot Upamecano
50%
5 21 24 Jules Koundé
33%
12 9 24 Randal Kolo Muani
32%
20 49 27 Kingsley Coman
31%
22 17 25 Théo Hernandez
30%
16 8 27 Mike Maignan
29%
23 5 30 Alphonse Areola
23%
21 10 20 Eduardo Camavinga
23%
3 4 25 Axel Disasi
18%
17 1 22 Wesley Fofana
16%
6 10 24 Youssouf Fofana
15%
13 11 24 Ibrahima Konaté
14%
19 6 30 Jordan Veretout
11%
15 10 25 Marcus Thuram
11%
14 3 23 Boubacar Kamara
10%
18 10 25 Christopher Nkunku
8%
Aucun quiz correspondant
Distribution des résultats
% des personnes avec chaque résultat
Percentile par nombre de réponses
Votre historique - résultats
Vous n’avez pas pris ce quiz